| 000 | 00351 a2200145 4500 | ||
|---|---|---|---|
| 001 | 169946 | ||
| 020 | _a | ||
| 040 | _cMagnum | ||
| 100 | _aMinisterio da Educacao e Cultura | ||
| 240 | 1 | 0 |
_aCaderno tecnico-didatico: basquetebol _lpor |
| 245 | 1 | 0 | _aCaderno tecnico-didatico: basquetebol |
| 362 | 0 | _a1899 | |
| 697 | _aEDUCACAO FISICA | ||
| 942 | _cBK | ||
| 999 |
_c169946 _d169946 |
||